01297cam a22003011 4500001001300000003000400013005001700017008004100034010001700075035001900092040008300111042001200194050002500206082001200231086001900243100002900262245005900291260009200350300003000442490008900472501021800561504002400779650002600803650002500829650004800854810007600902999001700978hew61000007 DLC20260227111510.0790912s1960 dcua f000 0 eng c ahew61000007  a(OCoLC)5367222 aU.S. Dept. of Health, Education, and Welfare. Library.cNUtSUdISSdOCoLCdDLC apremarc00aLC1045b.A25 no. 288 a371.4260 aFS 5.284:840091 aKing, Sam Wilson,d1914-10aOrganization and effective use of advisory committees. a[Washington]bU.S. Dept. of Health, Education, and Welfare, Office of Educationc[1960] aix, 75 p.billus.c23 cm.1 aVocational Division bulletinvno. 288. Trade and industrial education series, no. 71 aWith : Promoting programs of supervisory personnel development / Earl M. Bowler. Washington : U.S. Dept. of Health, Education, and Welfare. Office of Education, 1960. Bound together subsequent to publication.5DLC aBibliography: p.61. 0aVocational education. 0aTechnical education. 0aCitizens' advisory committees in education.1 aUnited States.bDivision of Vocational Education.tBulletin ;vno. 288. c34280d34280